00509 a2200169 4500001000700000020001500007040003500022100002500057240003900082245003400121300000700155362000900162697003200171942000700203952011000210999001900320156568 a8530501152 cEscola São Tomás de Aquino aAGUIAR, Luiz Antonio10aSocorro! estou comprando tudolpor10aSocorro! estou comprando tudo a460 a1997 a*LITERATURA INFANTO JUVENIL cBK 00104070a12.22b12.22d2024-04-30l0o028.53 AGU SOCpEST00010824r2024-04-30 22:13:51w2024-04-30yBK c156568d156568